000 00631nam a2200193Ia 4500
003 GCL
008 140319s9999 xx 000 0 ara d
040 _aGCL /
_cGCL
082 0 4 _a813.01
_bص ا
100 1 _aصبرى موسى
245 1 0 _aالاعمال الكاملة صبرى موسى /
_cصبرى موسى
260 _a[S.N] :
_bالهيئة المصرية العامة للكتاب ،
_c1989
490 _aالاعمال الكاملة
_v0
650 0 4 _aالادب العربى
650 0 4 _aالقصص العربية
650 0 4 _aالقصص العربية القصيرة
650 0 4 _aالقصص
942 _2ddc
_cBK
999 _c29068
_d29068